000 00484nam a22001577a 4500
003 NUST
038 _aNusrat Nadeem
082 _a200
100 _aAkmal, Maryam
_9131598
245 _aINTERNATIONAL BUSINESS PROJECT VISIT TO BAKU, AZERBAIJAN/
_c Maryam Akmal,
264 _aIslamabad:
_bNBS NUST.
_c2025.
650 _aExecutive MBA 
_9125080
700 _aSupervisor: Ms. Ramia Kiran
_9131599
856 _u http://10.250.8.41:8080/xmlui/handle/123456789/55870
942 _2ddc
_cSC
999 _c615234
_d615234